00716nam a2200157Ia 4500008004100000082001800041100002600059245009600085260003900181365000600220630009600226730009600322942000900418999001900427952011200446100415s9999 xx 000 0 und d b9905a574.028 aFryer Thomas B (ed.) aBiotelemetry III : Proceedings of the Third International Symposium at California, May 1976 aNEW YORKc1976bACADEMIC PRESS INC b0 aBiotelemetry III : Proceedings of the Third International Symposium at California, May 1976 aBiotelemetry III : Proceedings of the Third International Symposium at California, May 1976 cBOOK c592837d592834 00104070aBNHSbBNHSd1997-08-12g0.00l0o574.028 9905pBNHS-9905r2010-04-15 00:00:00w2010-04-15yBOOK